Statistiques concernant Coupe du monde 2022 - Tile Quiz

Cliquez ici pour prendre le quiz!

Statistiques générales

  • Ce quiz a été pris 140 fois
  • Le résultat moyen est 83 sur 109

Statistiques - réponses

QuestionTuileSelect% Correct
Pays qualifiés pour la coupe du monde 2022IslandeNon
98%
Pays qualifiés pour la coupe du monde 2022MarocOui
98%
Pays qualifiés pour la coupe du monde 2022NorvègeNon
98%
Pays qualifiés pour la coupe du monde 2022PologneOui
98%
Pays qualifiés pour la coupe du monde 2022AlgérieNon
97%
Pays qualifiés pour la coupe du monde 2022ChineNon
97%
Pays qualifiés pour la coupe du monde 2022Pays-BasOui
97%
Pays qualifiés pour les 8èmes de finaleArgentineOui
96%
Pays qualifiés pour les 8èmes de finaleFranceOui
96%
Pays qualifiés pour la coupe du monde 2022PanamaNon
96%
Pays qualifiés pour les 8èmes de finaleArabie SaouditeNon
95%
Pays qualifiés pour les 8èmes de finaleBrésilOui
95%
Pays qualifiés pour la coupe du monde 2022HongrieNon
95%
Pays qualifiés pour les 8èmes de finaleIranNon
95%
Pays qualifiés pour les 8èmes de finaleAngleterreOui
94%
Pays qualifiés pour la coupe du monde 2022AustralieOui
94%
Pays qualifiés pour la coupe du monde 2022ChiliNon
94%
Pays qualifiés pour la coupe du monde 2022DanemarkOui
94%
Pays qualifiés pour la coupe du monde 2022ÉgypteNon
94%
Pays qualifiés pour la coupe du monde 2022ItalieNon
94%
Pays qualifiés pour la coupe du monde 2022RussieNon
94%
Pays qualifiés pour les 8èmes de finaleSerbieNon
94%
Pays qualifiés pour la coupe du monde 2022CanadaOui
92%
Pays qualifiés pour les 8èmes de finaleMarocOui
92%
Pays qualifiés pour les 8èmes de finalePortugalOui
92%
Pays qualifiés pour les 8èmes de finaleCroatieOui
91%
Pays qualifiés pour les 8èmes de finalePays-BasOui
91%
Pays qualifiés pour la coupe du monde 2022TunisieOui
91%
Pays qualifiés pour la coupe du monde 2022NigeriaNon
90%
Pays qualifiés pour la coupe du monde 2022SuèdeNon
90%
Pays qualifiés pour les 8èmes de finaleÉquateurNon
89%
Pays qualifiés pour les 8èmes de finaleEspagneOui
89%
Pays qui ont marqué 5 buts ou plusIranNon
87%
Pays qualifiés pour la coupe du monde 2022Costa-RicaOui
86%
Pays qualifiés pour la coupe du monde 2022ÉquateurOui
86%
Pays qui ont marqué 5 buts ou plusArgentineOui
85%
Pays qui ont marqué 5 buts ou plusFranceOui
85%
Pays qualifiés pour la coupe du monde 2022PérouNon
85%
Pays qualifiés pour les 8èmes de finaleJaponOui
84%
Pays qualifiés pour les 8èmes de finaleMexiqueNon
84%
Pays qualifiés pour les 8èmes de finaleAllemagneNon
83%
Pays qualifiés pour la coupe du monde 2022AutricheNon
83%
Pays qui ont marqué 5 buts ou plusÉtats-UnisNon
83%
Pays qui ont marqué 5 buts ou plusAngleterreOui
81%
Pays qui ont marqué 5 buts ou plusAustralieNon
81%
Pays ayant battu l'ArgentineAustralieNon
81%
Pays qualifiés pour la coupe du monde 2022ColombieNon
81%
Pays qualifiés pour les 8èmes de finaleDanemarkNon
81%
Pays ayant battu l'ArgentineMexiqueNon
81%
Pays qui s'étaient déjà qualifiés pour la coupe du monde 2018QatarNon
81%
Pays qui ont marqué 5 buts ou plusUruguayNon
81%
Pays qualifiés pour les 8èmes de finaleUruguayNon
81%
Pays qui ont marqué 5 buts ou plusBrésilOui
80%
Pays qui ont marqué 5 buts ou plusMexiqueNon
80%
Pays qualifiés pour les 8èmes de finalePologneOui
80%
Pays ayant battu l'ArgentinePologneNon
80%
Pays ayant battu l'ArgentineMarocNon
79%
Pays ayant battu l'ArgentinePays-BasNon
79%
Pays ayant battu l'ArgentineBrésilNon
78%
Pays qui s'étaient déjà qualifiés pour la coupe du monde 2018EspagneOui
78%
Pays qui s'étaient déjà qualifiés pour la coupe du monde 2018AlgérieNon
77%
Pays qualifiés pour les 8èmes de finaleBelgiqueNon
77%
Pays qui s'étaient déjà qualifiés pour la coupe du monde 2018CanadaNon
77%
Pays ayant battu l'ArgentineCroatieNon
77%
Pays ayant battu l'ArgentineFranceNon
77%
Pays qui s'étaient déjà qualifiés pour la coupe du monde 2018ItalieNon
77%
Pays qui ont marqué 5 buts ou plusPortugalOui
77%
Pays qualifiés pour les 8èmes de finaleSénégalOui
77%
Pays ayant battu l'ArgentineArabie SaouditeOui
76%
Pays qui ont marqué 5 buts ou plusPays-BasOui
76%
Pays qualifiés pour la coupe du monde 2022SerbieOui
75%
Pays qui ont marqué 5 buts ou plusBelgiqueNon
74%
Pays qui ont marqué 5 buts ou plusCamerounNon
73%
Pays qui s'étaient déjà qualifiés pour la coupe du monde 2018DanemarkOui
72%
Pays qui ont marqué 5 buts ou plusÉquateurNon
72%
Pays qui ont marqué 5 buts ou plusPologneNon
72%
Pays qui s'étaient déjà qualifiés pour la coupe du monde 2018SuisseOui
72%
Pays qui s'étaient déjà qualifiés pour la coupe du monde 2018AustralieOui
71%
Pays qui ont marqué 5 buts ou plusEspagneOui
71%
Pays qui s'étaient déjà qualifiés pour la coupe du monde 2018JaponOui
71%
Pays qui s'étaient déjà qualifiés pour la coupe du monde 2018ÉquateurNon
70%
Pays qualifiés pour les 8èmes de finaleSuisseOui
70%
Pays qualifiés pour les 8èmes de finaleAustralieOui
69%
Pays qualifiés pour les 8èmes de finaleCorée du SudOui
69%
Pays qui ont marqué 5 buts ou plusCroatieOui
69%
Pays qualifiés pour les 8èmes de finaleÉtats-UnisOui
69%
Pays qui s'étaient déjà qualifiés pour la coupe du monde 2018GhanaNon
69%
Pays qui ont marqué 5 buts ou plusMarocOui
69%
Pays qui s'étaient déjà qualifiés pour la coupe du monde 2018MexiqueOui
67%
Pays qui s'étaient déjà qualifiés pour la coupe du monde 2018PologneOui
67%
Pays qui s'étaient déjà qualifiés pour la coupe du monde 2018CanerounNon
65%
Pays qui s'étaient déjà qualifiés pour la coupe du monde 2018Pays De GallesNon
64%
Pays qui s'étaient déjà qualifiés pour la coupe du monde 2018Corée Du SudOui
60%
Pays qui s'étaient déjà qualifiés pour la coupe du monde 2018Costa-RicaOui
52%
Pays qui s'étaient déjà qualifiés pour la coupe du monde 2018États-UnisNon
52%
Pays qui ont marqué 5 buts ou plusAllemagneOui
49%
Pays qui s'étaient déjà qualifiés pour la coupe du monde 2018Pays-BasNon
48%
Pays qui s'étaient déjà qualifiés pour la coupe du monde 2018IranOui
44%
Pays qui s'étaient déjà qualifiés pour la coupe du monde 2018MarocOui
44%
Pays qui ont marqué 5 buts ou plusJaponOui
43%
Pays qui s'étaient déjà qualifiés pour la coupe du monde 2018SénégalOui
42%
Pays qui s'étaient déjà qualifiés pour la coupe du monde 2018SerbieOui
42%
Pays qui s'étaient déjà qualifiés pour la coupe du monde 2018Arabie SaouditeOui
40%
Pays qui s'étaient déjà qualifiés pour la coupe du monde 2018TunisieOui
38%
Pays qui ont marqué 5 buts ou plusSénégalOui
31%
Pays qui ont marqué 5 buts ou plusSuisseOui
31%
Pays qui ont marqué 5 buts ou plusSerbieOui
25%
Pays qui ont marqué 5 buts ou plusCorée du SudOui
24%
Pays qui ont marqué 5 buts ou plusGhanaOui
16%

Distribution des résultats

Percentile par nombre de réponses

% des personnes avec chaque résultat

Votre développement - résultats

Vous n’avez pas pris ce quiz